Statistics for Canadian junior hockey league wetsern teams

Click here to take the quiz!

General Stats

  • This quiz has been taken 72 times
  • The average score is 30 of 62

Answer Stats

HintAnswer% Correct
BCHLVictoria
76%
AJHLBrooks
65%
AJHLCamrose
65%
SJHLFlin Flon
65%
AJHLOkotoks
65%
AJHLOlds
65%
BCHLPrince George
65%
AJHLSpruce Grove
65%
SJHLWeyburn
65%
SJHLBattlefords
59%
SJHLEstevan
59%
SJHLHumboldt
59%
SJHLKindersley
59%
SJHLLa Ronge
59%
AJHLLloydminster
59%
SJHLNipawin
59%
SJHLNotre Dame
59%
BCHLSurrey
59%
BCHLTrail
59%
BCHLVernon
59%
BCHLAlberni
53%
AJHLDrumheller
53%
AJHLFort McMurray
53%
SJHLMelfort
53%
SJHLMelville
53%
AJHLSherwood Park
53%
MJHLSteinbach
53%
AJHLWhitecourt
53%
MJHLWinnipeg
53%
SJHLYorkton
53%
AJHLCanucks
47%
BCHLChilliwack
47%
BCHLCoquitlam
47%
BCHLCowichan
47%
AJHLGrande Prairie
47%
BCHLLangley
47%
MJHLOCN
47%
BCHLPenticton
47%
MJHLPortage
47%
BCHLPowell River
47%
SIJHLThunder Bay
47%
BCHLWest Kelowna
47%
AJHLBonnyville
41%
AJHLDrayton Valley
41%
SIJHLDryden
41%
SIJHLFort Frances
41%
BCHLMerritt
41%
BCHLNanaimo
41%
BCHLSalmon Arm
41%
BCHLWenatchee
41%
MJHLDauphin
35%
SIJHLMinnesota
35%
MJHLSelkirk
35%
MJHLSwan Valley
35%
MJHLVirden
35%
MJHLWayway
35%
MJHLWinkler
35%
AJHLMustangs
29%
MJHLNeepawa
29%
SIJHLThief River Falls
29%
SIJHLEnglish River
24%
AJHLCamore
18%

Score Distribution

Percentile by Number Answered

Percent of People with Each Score

Your Score History

You have not taken this quiz